Key thinkers on space and place / (Record no. 353156)
[ view plain ]
| 000 -LEADER | |
|---|---|
| fixed length control field | 01125 a2200313 4500 |
| 003 - CONTROL NUMBER IDENTIFIER | |
| control field | OSt |
| 005 - DATE AND TIME OF LATEST TRANSACTION | |
| control field | 20180116192357.0 |
| 008 - FIXED-LENGTH DATA ELEMENTS--GENERAL INFORMATION | |
| fixed length control field | 120606t xxu||||| |||| 00| 0 eng d |
| 010 ## - LIBRARY OF CONGRESS CONTROL NUMBER | |
| LC control number | 2003115351 |
| 020 ## - INTERNATIONAL STANDARD BOOK NUMBER | |
| International Standard Book Number | 0761949623 |
| 020 ## - INTERNATIONAL STANDARD BOOK NUMBER | |
| International Standard Book Number | 0761949631 (pbk.) |
| 020 ## - INTERNATIONAL STANDARD BOOK NUMBER | |
| International Standard Book Number | 9780761949633 |
| 035 ## - SYSTEM CONTROL NUMBER | |
| System control number | (OCoLC)ocm52358174 |
| 040 ## - CATALOGING SOURCE | |
| Transcribing agency | 0 |
| 082 00 - DEWEY DECIMAL CLASSIFICATION NUMBER | |
| Classification number | 304.23 |
| 245 00 - TITLE STATEMENT | |
| Title | Key thinkers on space and place / |
| Statement of responsibility, etc. | edited by Phil Hubbard, Rob Kitchin and Gill Valentine. |
| 260 ## - PUBLICATION, DISTRIBUTION, ETC. | |
| Place of publication, distribution, etc. | London ; |
| -- | Thousand Oaks : |
| Name of publisher, distributor, etc. | Sage, |
| Date of publication, distribution, etc. | 2004. |
| 300 ## - PHYSICAL DESCRIPTION | |
| Extent | x, 356 p . : |
| Dimensions | 23 cm. |
| 650 10 - SUBJECT ADDED ENTRY--TOPICAL TERM | |
| Topical term or geographic name entry element | Human geography |
| General subdivision | Philosophy. |
| 9 (RLIN) | 4145 |
| 650 10 - SUBJECT ADDED ENTRY--TOPICAL TERM | |
| Topical term or geographic name entry element | Spatial behavior. |
| 9 (RLIN) | 4146 |
| 650 10 - SUBJECT ADDED ENTRY--TOPICAL TERM | |
| Topical term or geographic name entry element | Space and time. |
| 9 (RLIN) | 4147 |
| 700 1# - ADDED ENTRY--PERSONAL NAME | |
| Personal name | Hubbard, Phil. |
| 9 (RLIN) | 4148 |
| 700 1# - ADDED ENTRY--PERSONAL NAME | |
| Personal name | Kitchin, Rob. |
| 9 (RLIN) | 4149 |
| 700 1# - ADDED ENTRY--PERSONAL NAME | |
| Personal name | Valentine, Gill, |
| Dates associated with a name | 1965- |
| 9 (RLIN) | 4150 |
| 856 42 - ELECTRONIC LOCATION AND ACCESS | |
| Materials specified | Publisher description |
| Uniform Resource Identifier | <a href="http://www.loc.gov/catdir/enhancements/fy0657/2003115351-d.html">http://www.loc.gov/catdir/enhancements/fy0657/2003115351-d.html</a> |
| 856 42 - ELECTRONIC LOCATION AND ACCESS | |
| Materials specified | Table of contents only |
| Uniform Resource Identifier | <a href="http://www.loc.gov/catdir/enhancements/fy0657/2003115351-t.html">http://www.loc.gov/catdir/enhancements/fy0657/2003115351-t.html</a> |
| 942 ## - ADDED ENTRY ELEMENTS (KOHA) | |
| Institution code [OBSOLETE] | SADA |
| Koha item type | Book |
| Call number prefix | 304.23 KEY 2004 |
| Source of classification or shelving scheme | |
| Withdrawn status | Lost status | Source of classification or shelving scheme | Damaged status | Not for loan | Permanent Location | Current Location | Date acquired | Total Checkouts | Full call number | Barcode | Date last seen | Date last checked out | Cost, replacement price | Price effective from | Koha item type |
|---|---|---|---|---|---|---|---|---|---|---|---|---|---|---|---|
| School of Art Design and Architecture (SADA) | School of Art Design and Architecture (SADA) | 06/03/2011 | 1 | 304.23 KEY 2004 | SADA0001185 | 11/12/2015 | 10/29/2015 | 4902.00 | 08/05/2011 | Book |
